000 00455cam a2200181ua 4500
020 _a81-203-0894-8
_c175.00
041 _aeng
_h
082 _a532
_bMOH/FL
100 _aMohanty, A K .
245 _aFluid mechanics /
_cA K Mohanty.
_hTextual Documents
250 _a2 /
_b.
260 _aNew Delhi :
_bPrentice Hall of India Pvt Ltd. ,
_c1994.
300 _a530 ; .
365 _a175.00
504 _a
942 _cBK
999 _c7490
_d7490